000 00356nam a2200157Ia 4500
005 20250603144653.0
008 250603s9999 xx 000 0 und d
050 _aAE 5 .C 683/
245 0 _aColliers Encyclopedia
260 _aNew York
260 _bCollier & Son Limited
260 _c1996
300 _a800 p
650 _aNew York
942 _cBK
999 _c39605
_d39605